| 000 | 00831nab a2200253 u 4500 | ||
|---|---|---|---|
| 001 | 10684 | ||
| 003 | HDC | ||
| 007 | cr bn ---aaaaa | ||
| 008 | 210205c20130429my dr|nes 0 a may d | ||
| 040 | _aHDC | ||
| 100 |
_aFairus Kassim, _eauthor _99430 |
||
| 245 | 0 |
_aIntai syarikat Indonesia / _cby Fairus Kassim |
|
| 260 |
_aKuala Lumpur : _bMedia Mulia Sdn. Bhd., _c2013 |
||
| 336 |
_atext _2rdacontent |
||
| 337 |
_acomputer _2rdamedia |
||
| 338 |
_aonline resource _2rdacarrier |
||
| 650 |
_aChemical company _910889 |
||
| 650 |
_aPharmaceutical industry _9799 |
||
| 710 | _aUtusan Malaysia | ||
| 856 | _zRequest full-text at [email protected] | ||
| 942 | _2lcc | ||
| 942 | _cNEWS | ||
| 942 | _kNWSC 003905 | ||
| 999 |
_c8007 _d8007 |
||